[Event "Xtracon Chess Open 2018"]
[Site "Elsinore"]
[Date "2018.07.22"]
[Round "2"]
[White "Lahlum, Hans Olav"]
[Black "Tulliez, Andre"]
[Result "1-0"]
[WhiteElo "2122"]
[BlackElo "1678"]
[EventDate "2018.07.21"]
[WhiteFideId "1501348"]
[BlackFideId "45107181"]

1.d4 Nf6 2.c4 c5 3.d5 b5 4.cxb5 a6 5.f3 g6 6.e4 d6 7.Na3 Bg7 8.Ne2 O-O 9.
Nc3 Nbd7 10.Be3 axb5 11.Naxb5 Ba6 12.a4 Ne8 13.Qd2 Nc7 14.Nxc7 Qxc7 15.Nb5
Qb7 16.Rb1 Rfc8 17.b3 Bxb5 18.Bxb5 Rab8 19.O-O Rc7 20.h3 Rbc8 21.Qf2 Nb8 
22.f4 Rf8 23.f5 Rcc8 24.Qh4 Bf6 25.Bg5 Bxg5 26.Qxg5 Qc7 27.Qh6 Nd7 28.Bxd7
Qxd7 29.Rf4 e5 30.Rh4 f6 31.fxg6 Rc7 32.gxh7+ Qxh7 33.Qxh7+ Rxh7 34.Rxh7 
Kxh7 35.Kf2 f5 36.exf5 Rxf5+ 37.Ke3 Rf7 38.Kd3 Rf2 39.Ra1 Rxg2 40.a5 Rg8 
41.a6 Ra8 42.Kc4 e4 43.Kb5 e3 44.a7 e2 45.Kb6 Re8 46.Re1 Kg6 47.Rxe2 Rxe2 
48.a8=Q Kf7 49.Kc6 Re3 50.Qb7+ Kf6 51.Kxd6 1-0

[Event "Xtracon Chess Open 2018"]
[Site "Elsinore"]
[Date "2018.07.22"]
[Round "2"]
[White "Munshi, Aditya"]
[Black "Schwerteck, Michael"]
[Result "1/2-1/2"]
[WhiteElo "1953"]
[BlackElo "2115"]
[EventDate "2018.07.21"]
[WhiteFideId "436720"]
[BlackFideId "4687078"]

1.e4 e5 2.Bc4 Nf6 3.d3 Nc6 4.Nc3 Na5 5.Qf3 Nxc4 6.dxc4 Be7 7.Nge2 d6 8.h3 
O-O 9.O-O Be6 10.b3 c6 11.Rd1 Qc7 12.a4 Rad8 13.Ba3 Rd7 14.Rd2 Rfd8 15.
Rad1 a6 16.Ng3 Qa5 17.Nd5 cxd5 18.cxd5 b5 19.dxe6 fxe6 20.Nh5 b4 21.Nxf6+ 
Bxf6 22.Bb2 d5 23.exd5 exd5 24.Qf5 Re7 25.Re2 Rde8 26.Red2 Rd8 27.Re2 Rde8
1/2-1/2

[Event "Xtracon Chess Open 2018"]
[Site "Elsinore"]
[Date "2018.07.22"]
[Round "2"]
[White "Nielsen, Viktor Haarmark"]
[Black "Shehzad, Alisha"]
[Result "1-0"]
[WhiteElo "2332"]
[BlackElo "1650"]
[EventDate "2018.07.21"]
[WhiteFideId "1444492"]
[BlackFideId "1521926"]

1.e4 c5 2.Nf3 e6 3.d4 cxd4 4.Nxd4 Nc6 5.Nc3 a6 6.Be3 Nf6 7.Bd3 Qc7 8.O-O 
Bb4 9.Na4 O-O 10.c4 Ne5 11.h3 Be7 12.Rc1 d6 13.b3 Bd7 14.Nc3 Nxd3 15.Qxd3 
Bc6 16.Rfd1 Rfd8 17.Nd5 exd5 18.cxd5 Rdc8 19.dxc6 bxc6 20.Nxc6 Qd7 21.
Nxe7+ Qxe7 22.Rxc8+ Rxc8 23.Qxa6 Rd8 24.Bg5 Qxe4 25.Bxf6 gxf6 26.Qd3 f5 
27.Qg3+ Kh8 28.Qc3+ Kg8 29.Rd3 f4 30.Rd4 Qe5 31.Qd2 Re8 32.Qxf4 Qe1+ 33.
Kh2 Re2 34.Rxd6 Re8 35.Rd4 Qa5 36.b4 Qxa2 37.Qg5+ Kh8 38.Qf6+ Kg8 39.Rg4+ 
Kf8 40.Qh8+ Ke7 41.Re4+ Kd6 42.Qxe8 Qxf2 43.Qe5+ Kc6 44.Rc4+ Kd7 45.Rc7+ 
Kd8 46.Qe7# 1-0

[Event "Xtracon Chess Open 2018"]
[Site "Elsinore"]
[Date "2018.07.22"]
[Round "2"]
[White "Nord, Alexander"]
[Black "Dishman, Stephen"]
[Result "0-1"]
[WhiteElo "1763"]
[BlackElo "2320"]
[EventDate "2018.07.21"]
[WhiteFideId "1738135"]
[BlackFideId "403024"]

1.e4 c6 2.d4 d5 3.Nc3 dxe4 4.Nxe4 Bf5 5.Ng3 Bg6 6.h4 h6 7.Nf3 Nd7 8.h5 Bh7
9.Bd3 Bxd3 10.Qxd3 e6 11.Bd2 Ngf6 12.O-O-O Be7 13.Kb1 Qb6 14.Rhe1 O-O 15.
Ne5 Rad8 16.Nc4 Qb5 17.Ne5 Nxe5 18.Qxb5 cxb5 19.dxe5 Ng4 20.Re2 Bh4 21.f3 
Bxg3 22.fxg4 Rd5 23.Kc1 Rfd8 24.Rf1 Bxe5 25.Ref2 f6 26.Bf4 Bd4 27.Re2 e5 
28.Bg3 b4 29.Rfe1 Kf7 30.Re4 Ke6 31.R4e2 a5 32.Rf1 Bc5 33.c3 bxc3 34.bxc3 
Rd3 35.Be1 Rd1+ 36.Kc2 a4 37.Rf3 Ra1 38.Kb2 a3+ 39.Kb3 b5 40.Bf2 Rb1+ 0-1

[Event "Xtracon Chess Open 2018"]
[Site "Elsinore"]
[Date "2018.07.22"]
[Round "2"]
[White "Rygg, Andreas Gangstad"]
[Black "Leutwyler, Martin"]
[Result "1/2-1/2"]
[WhiteElo "1759"]
[BlackElo "2185"]
[EventDate "2018.07.21"]
[WhiteFideId "1527754"]
[BlackFideId "1301969"]

1.e4 c6 2.d4 d5 3.Nc3 dxe4 4.Nxe4 Bf5 5.Ng3 Bg6 6.h4 h6 7.Nf3 Nd7 8.h5 Bh7
9.Bd3 Bxd3 10.Qxd3 e6 11.Bd2 Ngf6 12.O-O-O Be7 13.Ne4 Nxe4 14.Qxe4 Nf6 15.
Qd3 c5 16.Qb5+ Qd7 17.Qxd7+ Nxd7 18.Be3 cxd4 19.Bxd4 Bf6 20.Rhe1 Ke7 21.
Ne5 Nxe5 22.Bxe5 Bxe5 23.Rxe5 Rhc8 24.Re3 Rc7 25.Rg3 Rac8 26.c3 b5 27.a3 
Rc5 28.Rxg7 Rxh5 29.Rg4 Rg5 30.Rxg5 hxg5 31.Rd4 Rh8 32.g3 Rh2 33.Rd2 e5 
34.b3 Ke6 35.c4 bxc4 36.bxc4 f5 37.Kd1 e4 38.Ke2 Rh1 39.c5 Rc1 40.Rd6+ Ke5
41.Ra6 Rc2+ 42.Ke1 e3 43.fxe3 Ke4 44.Re6+ Kf3 45.Re5 g4 46.Rxf5+ Kxg3 47.
Kd1 Rc4 48.Kd2 Kh2 49.Kd3 Rc1 50.Kd2 Rc4 51.Kd3 Rc1 52.Kd2 1/2-1/2

[Event "Xtracon Chess Open 2018"]
[Site "Elsinore"]
[Date "2018.07.22"]
[Round "2"]
[White "Mai, Aron Thor"]
[Black "Poulsen, Knud"]
[Result "1-0"]
[WhiteElo "2119"]
[BlackElo "1760"]
[EventDate "2018.07.21"]
[WhiteFideId "2313383"]
[BlackFideId "1422324"]

1.e4 d5 2.exd5 Nf6 3.Bb5+ c6 4.dxc6 Nxc6 5.Nc3 Bg4 6.Be2 Bxe2 7.Ngxe2 e6 
8.O-O a6 9.d3 Bd6 10.Bf4 Qc7 11.Bxd6 Qxd6 12.Ne4 Nxe4 13.dxe4 Qe5 14.Nc3 
Rd8 15.Qe1 O-O 16.Nd1 Rd4 17.f3 Qc5 18.Qf2 Qd6 19.Ne3 Rd8 20.Rfe1 b5 21.h3
Rd2 22.Re2 Qb4 23.Rb1 Rxe2 24.Qxe2 Rd2 25.Qe1 Qd6 26.Kh1 Ne5 27.Qg3 f6 28.
f4 Nc6 29.Rf1 e5 30.fxe5 Qxe5 31.Qg4 Qc5 32.Qe6+ Kf8 33.Nf5 Nd8 34.Nxg7 
Qa7 35.Qxf6+ Qf7 36.Nh5 Qxf6 37.Rxf6+ Kg8 38.Rxa6 1-0

[Event "Xtracon Chess Open 2018"]
[Site "Elsinore"]
[Date "2018.07.22"]
[Round "2"]
[White "Schultz-Pedersen, Jesper"]
[Black "Christensen, Benny"]
[Result "1-0"]
[WhiteElo "2057"]
[BlackElo "1754"]
[EventDate "2018.07.21"]
[WhiteFideId "1404482"]
[BlackFideId "1429949"]

1.e4 c5 2.Nc3 Nc6 3.f4 e6 4.Nf3 d5 5.Bb5 a6 6.Bxc6+ bxc6 7.d3 Be7 8.O-O 
Nf6 9.Qe1 O-O 10.b3 Rb8 11.Ba3 d4 12.Na4 Nd7 13.c3 Rb5 14.Rc1 Bf6 15.cxd4 
Re8 16.dxc5 Nf8 17.e5 Be7 18.Qe3 h6 19.Nd4 Qa5 20.Nxc6 1-0

[Event "Xtracon Chess Open 2018"]
[Site "Elsinore"]
[Date "2018.07.22"]
[Round "2"]
[White "Mansoor, Afras"]
[Black "Tolba, Henri"]
[Result "1-0"]
[WhiteElo "1973"]
[BlackElo "1751"]
[EventDate "2018.07.21"]
[WhiteFideId "1522108"]
[BlackFideId "1418246"]

1.c4 f5 2.Nc3 Nf6 3.Nf3 e6 4.g3 Be7 5.Bg2 O-O 6.O-O d6 7.d4 Nbd7 8.Qb3 Qe8
9.c5 d5 10.Nb5 Bd8 11.Bf4 c6 12.Nd6 Qh5 13.Nxb7 Be7 14.Na5 Bxc5 15.dxc5 
Nxc5 16.Qc2 Nce4 17.Nxc6 Ba6 18.Ncd4 Rae8 19.Qa4 Nc5 20.Qa3 Nfe4 21.b4 1-0

[Event "Xtracon Chess Open 2018"]
[Site "Elsinore"]
[Date "2018.07.22"]
[Round "2"]
[White "Bremer, Erik"]
[Black "Jonsson, Olafur Gisli"]
[Result "0-1"]
[WhiteElo "1476"]
[BlackElo "1844"]
[EventDate "2018.07.21"]
[WhiteFideId "1411578"]
[BlackFideId "2302705"]

1.f4 d5 2.Nf3 c5 3.e3 Nc6 4.Be2 Nf6 5.b3 g6 6.Bb2 Bg7 7.O-O d4 8.Bb5 O-O 
9.Bxc6 bxc6 10.exd4 cxd4 11.Bxd4 Bg4 12.c3 Qd5 13.Qe1 c5 14.Be5 Rad8 15.d4
cxd4 16.Bxd4 Ne4 17.Ne5 Bc8 18.Nd2 Nxc3 19.Bxc3 Qc5+ 20.Qf2 Qxc3 21.Ne4 
Qd4 22.Rae1 Bb7 23.Qxd4 Rxd4 24.Nc5 Ba8 25.Ncd7 Rd8 26.Rd1 Bxe5 27.fxe5 
R8xd7 0-1

[Event "Xtracon Chess Open 2018"]
[Site "Elsinore"]
[Date "2018.07.22"]
[Round "2"]
[White "Andreasen, Jon S."]
[Black "Preuss, Flemming"]
[Result "0-1"]
[WhiteElo "1736"]
[BlackElo "1971"]
[EventDate "2018.07.21"]
[WhiteFideId "7201400"]
[BlackFideId "1403338"]

1.b3 e5 2.Bb2 d6 3.e3 g6 4.c4 Bg7 5.Nc3 f5 6.Nge2 Nf6 7.d4 Nbd7 8.g3 O-O 
9.Bg2 c6 10.O-O Qe7 11.Ba3 e4 12.Rc1 Re8 13.Nf4 Nf8 14.Rc2 Bd7 15.Bb2 Red8
16.a4 Be8 17.Qb1 g5 18.Nh3 h6 19.Ne2 Ng6 20.Kh1 Bd7 21.Rg1 Rf8 22.Rf1 Ng4 
23.Nhg1 Rf7 24.h3 Nf6 25.Re1 Raf8 26.Qc1 Kh8 27.Qd2 Nh5 28.Nc3 a6 29.Qd1 
Nf6 30.Nge2 Re8 31.Rd2 d5 32.Nb1 Qe6 33.Rc2 Nh7 34.Ba3 f4 35.Nec3 Bf8 36.
cxd5 cxd5 37.Qc1 Bxa3 38.Nxa3 Rc8 39.Qb2 Kg8 0-1

[Event "Xtracon Chess Open 2018"]
[Site "Elsinore"]
[Date "2018.07.22"]
[Round "2"]
[White "Ramkilde, Mikael"]
[Black "Larsen, Arne Walther"]
[Result "1/2-1/2"]
[WhiteElo "1971"]
[BlackElo "1750"]
[EventDate "2018.07.21"]
[WhiteFideId "1439391"]
[BlackFideId "1411357"]

1.e4 d6 2.d4 Nf6 3.Nc3 g6 4.Be3 Bg7 5.Qd2 c6 6.f3 Nbd7 7.O-O-O b5 8.g4 Qa5
9.Kb1 Nb6 10.g5 Nh5 11.Bd3 Nc4 12.Bxc4 bxc4 13.Nce2 Qxd2 14.Rxd2 Rb8 15.c3
a5 16.Ng3 Rb5 17.Nxh5 gxh5 18.Ne2 h6 19.h4 hxg5 20.hxg5 d5 21.Ng3 dxe4 22.
Nxh5 Kf8 23.fxe4 Bg4 24.Ng3 Rxh1+ 25.Nxh1 e5 26.a4 exd4 27.cxd4 Rb3 28.Bf2
c3 29.Rc2 cxb2 30.Rxb2 Rd3 1/2-1/2

[Event "Xtracon Chess Open 2018"]
[Site "Elsinore"]
[Date "2018.07.22"]
[Round "2"]
[White "Mielow, Bjarne"]
[Black "Askerov, Imamali"]
[Result "0-1"]
[WhiteElo "1730"]
[BlackElo "1970"]
[EventDate "2018.07.21"]
[WhiteFideId "1415484"]
[BlackFideId "12974498"]

1.Nf3 c5 2.g3 b6 3.Bg2 Bb7 4.d3 g6 5.O-O Bg7 6.c3 Nf6 7.Nbd2 O-O 8.a4 Nc6 
9.Rb1 Rc8 10.b4 cxb4 11.cxb4 Nd5 12.Qb3 Nc3 13.Re1 Nxb1 14.Qxb1 d5 15.Ba3 
Qd7 16.Nb3 Ne5 17.Nxe5 Bxe5 18.b5 Rc7 19.d4 Bf6 20.e3 Rfc8 21.Nc1 Rc2 22.
Nd3 Qf5 23.Nf4 e6 24.f3 R2c3 25.Qa1 Qc2 26.Ne2 Rxe3 27.Kf2 Qd2 28.Bc1 Rxc1
29.Qxc1 Rxe2+ 0-1

[Event "Xtracon Chess Open 2018"]
[Site "Elsinore"]
[Date "2018.07.22"]
[Round "2"]
[White "Mai, Alexander Oliver"]
[Black "Lindgaard, Tobias Simon"]
[Result "1-0"]
[WhiteElo "1966"]
[BlackElo "1746"]
[EventDate "2018.07.21"]
[WhiteFideId "2313391"]
[BlackFideId "1419820"]

1.Nf3 d6 2.d4 Nd7 3.e4 e5 4.Nc3 Ngf6 5.Bc4 Be7 6.O-O O-O 7.a4 c6 8.b3 Nxe4
9.Nxe4 d5 10.Ng3 dxc4 11.dxe5 cxb3 12.cxb3 Qc7 13.Bb2 Nc5 14.Qc2 Be6 15.
Nd4 Qb6 16.Ngf5 Rfe8 17.Nxe7+ Rxe7 18.a5 Qb4 19.Bc3 Bxb3 20.Bxb4 Bxc2 21.
Bxc5 Rxe5 22.Bd6 Rd5 23.Nxc2 Rxd6 24.Ne3 g6 25.Rab1 Rb8 26.Rb2 Rd4 27.Rfb1
Ra4 28.g3 Rxa5 29.Rxb7 Rxb7 30.Rxb7 Ra1+ 31.Kg2 a5 32.Rc7 a4 33.Rxc6 a3 
34.Ra6 Kf8 35.Nc2 Ra2 36.Nxa3 Ke7 37.Ra7+ Ke6 38.Nb5 Rb2 39.Nd4+ Kf6 40.h4
h5 41.Nf3 Rb8 42.Ng5 Rb6 43.Rxf7+ Ke5 44.Re7+ Kf6 45.Re3 Rb2 46.Nh3 Rb6 
47.Nf4 Kf5 48.Rc3 Rd6 49.Rc5+ Kf6 50.Rg5 Kg7 51.Nxh5+ 1-0

[Event "Xtracon Chess Open 2018"]
[Site "Elsinore"]
[Date "2018.07.22"]
[Round "2"]
[White "Christiansen, Torsten Sundgaar"]
[Black "Hyldkrog, Lars"]
[Result "1-0"]
[WhiteElo "1722"]
[BlackElo "1961"]
[EventDate "2018.07.21"]
[WhiteFideId "1419714"]
[BlackFideId "1402781"]

1.Nf3 d5 2.b3 Nf6 3.Bb2 e6 4.e3 c5 5.Be2 Nc6 6.O-O Bd6 7.d4 O-O 8.Ne5 cxd4
9.exd4 Qb6 10.c4 Qc7 11.f4 b6 12.Na3 a6 13.Nc2 Ne7 14.Rc1 Qa7 15.Ne3 Bb7 
16.Qd3 Rac8 17.g4 dxc4 18.bxc4 Be4 19.Qd1 Rfd8 20.g5 Nd7 21.Bf3 Qb7 22.
Bxe4 Qxe4 23.Qd3 Qb7 24.N3g4 Nf5 25.Qh3 Nxe5 26.fxe5 Be7 27.Rxf5 exf5 28.
Nf6+ Bxf6 29.gxf6 Qd7 30.Qg3 g6 31.Qh4 Qe8 32.Ba3 Kh8 33.Qh6 Qg8 34.Be7 
Rxd4 35.c5 bxc5 36.Rxc5 Rb8 37.Rc2 Re4 38.Bd6 Re8 39.Rc6 a5 40.Ra6 R4xe5 
41.Bxe5 Rxe5 42.Ra8 1-0

[Event "Xtracon Chess Open 2018"]
[Site "Elsinore"]
[Date "2018.07.22"]
[Round "2"]
[White "Nielsen, Morten Majlund"]
[Black "Norevall, Ulf"]
[Result "1-0"]
[WhiteElo "1959"]
[BlackElo "1733"]
[EventDate "2018.07.21"]
[WhiteFideId "1445448"]
[BlackFideId "1705555"]

1.e4 g6 2.d4 Bg7 3.c4 d6 4.Nc3 e5 5.Nge2 exd4 6.Nxd4 Nc6 7.Be3 Nxd4 8.Bxd4
Bxd4 9.Qxd4 Qf6 10.Qd2 Be6 11.Be2 a6 12.O-O Ne7 13.Rac1 Nc6 14.Nd5 Qd8 15.
Qc3 Kd7 16.c5 Bxd5 17.exd5 Ne7 18.c6+ Kc8 19.cxb7+ Kxb7 20.Qa5 c5 21.dxc6+
Nxc6 22.Qd5 Qd7 23.Bf3 Rac8 24.Qb3+ Ka7 25.Rxc6 Rxc6 26.Bxc6 Qxc6 27.Qxf7+
Qb7 28.Qxb7+ Kxb7 29.Rc1 Re8 30.Kf1 Re5 31.Rc4 a5 32.a4 Kb6 33.b4 d5 34.
bxa5+ Kxa5 35.Rd4 Re7 36.f4 Ra7 37.Rxd5+ Kxa4 38.Ke2 Kb4 39.Re5 Kc4 40.h4 
Kd4 41.Kf3 Ra3+ 42.Kf2 Ra2+ 43.Kg3 Ra3+ 44.Kh2 Ra7 45.h5 gxh5 46.Rxh5 Ke4 
47.Kg3 Re7 48.Kg4 Rg7+ 49.Rg5 Re7 50.g3 Rf7 51.Re5+ Kd4 52.Kh5 Rg7 53.Rg5 
Rf7 54.Kh6 Ke4 55.Rg7 Rf6+ 56.Kxh7 Kf3 57.Rg5 Ke4 58.Kg7 Ra6 59.f5 Ra5 60.
g4 Kf4 61.Rg6 Ra7+ 62.Kh6 Rf7 63.f6 Ke5 64.g5 Ra7 65.Rg7 Ra6 66.Kg6 Rb6 
67.Re7+ Kf4 68.Re1 Ra6 69.Kg7 Kxg5 70.Rg1+ Kf5 71.f7 Ra7 72.Kg8 1-0

[Event "Xtracon Chess Open 2018"]
[Site "Elsinore"]
[Date "2018.07.22"]
[Round "2"]
[White "Loveid, Erik"]
[Black "Schrodt, Sebastian"]
[Result "1/2-1/2"]
[WhiteElo "1715"]
[BlackElo "1955"]
[EventDate "2018.07.21"]
[WhiteFideId "1520067"]
[BlackFideId "24675563"]

1.d4 Nf6 2.Bg5 d5 3.Bxf6 gxf6 4.Nf3 c5 5.Nc3 e6 6.e4 Nc6 7.exd5 exd5 8.
dxc5 d4 9.Ne4 Bf5 10.Bd3 Bxe4 11.Bxe4 Bxc5 12.Bxc6+ bxc6 13.Qe2+ Kd7 14.
O-O-O Re8 15.Qc4 Qb6 16.Nxd4 Kc7 17.Nb3 Bf8 18.Qxf7+ Re7 19.Qxf6 Rae8 20.
Qf4+ Kb7 21.Qf5 Ka8 22.Qa5 Bh6+ 23.Kb1 Re2 24.Qxb6 axb6 25.Rhf1 Rf8 26.Nd4
Rexf2 27.Rxf2 Rxf2 28.Nxc6 Rxg2 29.Rh1 Bf4 30.h3 Kb7 31.Nd4 Be3 32.Nf5 
1/2-1/2

[Event "Xtracon Chess Open 2018"]
[Site "Elsinore"]
[Date "2018.07.22"]
[Round "2"]
[White "Woltery, Nicolai"]
[Black "Haraldsson, Leif"]
[Result "1-0"]
[WhiteElo "1715"]
[BlackElo "1942"]
[EventDate "2018.07.21"]
[WhiteFideId "436887"]
[BlackFideId "1710648"]

1.c4 f5 2.g3 Nf6 3.Bg2 g6 4.Nc3 Bg7 5.d3 c6 6.e4 d6 7.Nge2 O-O 8.O-O Qc7 
9.h3 Na6 10.Be3 Bd7 11.Rb1 Rae8 12.Qd2 e5 13.b4 Be6 14.Rfc1 Nh5 15.f4 Qd7 
16.Kh2 b6 17.b5 cxb5 18.cxb5 Nb8 19.Nd5 Bxd5 20.exd5 Qe7 21.Re1 Nd7 22.d4 
e4 23.Bf1 Ndf6 24.Nc3 h6 25.Be2 Qf7 26.g4 fxg4 27.hxg4 Nxf4 28.Bxf4 Nxd5 
29.Nxd5 Qxd5 30.Be3 Qe6 31.Rf1 g5 32.Kg2 Rc8 33.Rxf8+ Bxf8 34.Rb2 Be7 35.
Rc2 Rf8 36.Rc6 Qf7 37.Rc7 Qf6 38.Rxa7 h5 39.gxh5 g4 40.Qe1 Qe6 41.Qg3 1-0

[Event "Xtracon Chess Open 2018"]
[Site "Elsinore"]
[Date "2018.07.22"]
[Round "2"]
[White "Skovgaard, Ib"]
[Black "Falkesgaard, Jeppe Hald"]
[Result "0-1"]
[WhiteElo "1934"]
[BlackElo "1731"]
[EventDate "2018.07.21"]
[WhiteFideId "1406760"]
[BlackFideId "1464981"]

1.e4 e6 2.d4 d5 3.Nd2 Nf6 4.e5 Nfd7 5.Bd3 c5 6.c3 Nc6 7.Ndf3 Qa5 8.Bd2 Qb6
9.Ne2 Qxb2 10.O-O Qb6 11.Re1 Be7 12.h4 h6 13.Rb1 Qd8 14.Nf4 Bxh4 15.Nxe6 
fxe6 16.Bg6+ Kf8 17.Nxh4 Qxh4 18.Qf3+ Ke7 19.Qf7+ Kd8 20.Qxg7 Rf8 21.g3 
Qh3 22.Qxh6 Qxh6 23.Bxh6 Rh8 24.Bg5+ Kc7 25.f4 cxd4 26.cxd4 Nxd4 27.Kg2 b6
28.Be7 Ba6 29.Bd6+ Kb7 30.Red1 Nb5 31.Bf7 Rh6 32.Rxd5 exd5 33.Bxd5+ Kc8 
34.Rc1+ Kd8 35.Bxa8 Nxd6 36.Rc6 Nf5 37.e6 Nc5 38.g4 Ne7 39.Rd6+ Kc7 40.g5 
Kxd6 41.gxh6 Kxe6 42.Kf3 Ng6 43.Kg4 Nh8 44.Bc6 Kf6 45.Be8 Bc8+ 46.Kf3 Bf5 
47.Bh5 Nf7 48.Bxf7 Kxf7 49.Ke3 Ne6 50.a4 Kg6 51.a5 Kxh6 52.axb6 axb6 53.
Kd2 Nxf4 54.Kc3 b5 55.Kb4 Bd7 0-1

[Event "Xtracon Chess Open 2018"]
[Site "Elsinore"]
[Date "2018.07.22"]
[Round "2"]
[White "Nielsen, Peter"]
[Black "Mehringer, Joerg"]
[Result "0-1"]
[WhiteElo "1707"]
[BlackElo "1933"]
[EventDate "2018.07.21"]
[WhiteFideId "1707485"]
[BlackFideId "12915351"]

1.d4 Nf6 2.Bf4 d6 3.e3 g6 4.Nc3 Bg7 5.h3 O-O 6.Nf3 b6 7.Bd3 Bb7 8.Qe2 a6 
9.g4 Nbd7 10.Rg1 b5 11.a3 c5 12.g5 Nd5 13.Nxd5 Bxd5 14.c3 e5 15.dxe5 dxe5 
16.e4 c4 17.Bc2 exf4 18.exd5 Re8 19.Be4 Nc5 20.Nd2 Nd3+ 21.Kf1 Nxb2 22.Qf3
Na4 23.Rc1 Qd6 24.Rg4 Qxa3 25.Rc2 Be5 26.d6 Rad8 27.d7 Re7 28.Bc6 Nxc3 29.
Ne4 Qa1+ 30.Kg2 Nxe4 31.Qxe4 Bd6 32.Qd5 Qe5 33.Qf3 Bc7 34.h4 Qc5 35.h5 Re6
36.Bd5 Re5 37.hxg6 Qxd5 38.gxf7+ Kf8 39.g6 hxg6 40.Rxg6 Kxf7 41.Rh6 Rg5+ 
0-1

[Event "Xtracon Chess Open 2018"]
[Site "Elsinore"]
[Date "2018.07.22"]
[Round "2"]
[White "Kizatbay, Alseit"]
[Black "Leonhardsen, Vebjorn Maanum"]
[Result "1-0"]
[WhiteElo "1932"]
[BlackElo "1726"]
[EventDate "2018.07.21"]
[WhiteFideId "13712209"]
[BlackFideId "1539515"]

1.d4 d5 2.c4 c6 3.Nc3 Nf6 4.Bf4 dxc4 5.a4 Bf5 6.e3 e6 7.Bxc4 Qb6 8.Qc1 Bb4
9.Ne2 O-O 10.O-O a5 11.f3 Na6 12.e4 Bg6 13.Be3 Qd8 14.Nf4 Qe7 15.Nd3 h6 
16.Rd1 Rfd8 17.g4 Nd7 18.Qc2 Kh8 19.Qf2 f5 20.Nf4 Bf7 21.h4 fxe4 22.Nxe4 
e5 23.dxe5 Nxe5 24.Bxf7 Qxf7 25.h5 Nc7 26.Ng3 Nd5 27.Nf5 Nxf4 28.Bxf4 Nd3 
29.Qg3 Nxb2 30.Rxd8+ Rxd8 31.Be5 Bc5+ 32.Kh1 Rd1+ 33.Rxd1 Nxd1 34.Bxg7+ 
Kh7 35.Bxh6 Nf2+ 36.Kg2 Qd7 37.Be3 Bxe3 38.Nxe3 Nd3 39.g5 Nc1 40.Ng4 Qd2+ 
41.Nf2 Ne2 42.g6+ Kg7 43.Qc7+ 1-0

[Event "Xtracon Chess Open 2018"]
[Site "Elsinore"]
[Date "2018.07.22"]
[Round "2"]
[White "Stage-Steffensen, Theo"]
[Black "Linderod, Lars Erik"]
[Result "0-1"]
[WhiteElo "1697"]
[BlackElo "1931"]
[EventDate "2018.07.21"]
[WhiteFideId "1455818"]
[BlackFideId "1435965"]

1.e4 g6 2.d4 Bg7 3.Nc3 d6 4.Bc4 Nf6 5.Nf3 O-O 6.Be3 Nxe4 7.Nxe4 d5 8.Bd3 
dxe4 9.Bxe4 Nd7 10.c3 Nf6 11.Bc2 Bg4 12.h3 Be6 13.Bf4 Nd5 14.Bg3 c6 15.h4 
Qb6 16.Rb1 c5 17.c4 Nb4 18.d5 Nxc2+ 19.Qxc2 Bf5 20.Qc1 Bxb1 21.Qxb1 Qb4+ 
22.Nd2 Bxb2 23.Kd1 Bc3 24.Qxb4 Bxb4 25.Ne4 f5 26.Ng5 f4 27.Bh2 b5 28.cxb5 
Rf5 29.Ne6 Rxd5+ 30.Kc1 Rd2 31.Nxf4 Rxa2 32.Nd3 Ra1+ 0-1

[Event "Xtracon Chess Open 2018"]
[Site "Elsinore"]
[Date "2018.07.22"]
[Round "2"]
[White "Henningsen, Lasse"]
[Black "Gottschalck, Christian"]
[Result "1/2-1/2"]
[WhiteElo "1930"]
[BlackElo "1721"]
[EventDate "2018.07.21"]
[WhiteFideId "1425315"]
[BlackFideId "1428357"]

1.e4 d5 2.exd5 Qxd5 3.d4 Nf6 4.Nf3 Bg4 5.Be2 e6 6.O-O c6 7.Be3 Be7 8.c4 
Qd8 9.Nc3 O-O 10.Qb3 Qb6 11.Qxb6 axb6 12.h3 Bh5 13.g4 Bg6 14.Ne5 Rd8 15.d5
Nbd7 16.Nxg6 hxg6 17.dxe6 fxe6 18.g5 Ne8 19.Bg4 Kf7 20.Rfe1 Nd6 21.b3 Nf5 
22.Bxf5 gxf5 23.Na4 b5 24.cxb5 cxb5 25.Nb2 e5 26.f4 e4 27.a4 bxa4 28.Rxa4 
b5 29.Raa1 Nc5 30.b4 Nb3 31.Rab1 Bxb4 32.Re2 Bc5 33.Nd1 Nd4 34.Reb2 Nf3+ 
35.Kf2 Bxe3+ 36.Nxe3 Nd4 1/2-1/2

[Event "Xtracon Chess Open 2018"]
[Site "Elsinore"]
[Date "2018.07.22"]
[Round "2"]
[White "Stuhr, Finn"]
[Black "Jarlnaes, Erik"]
[Result "0-1"]
[WhiteElo "1695"]
[BlackElo "1930"]
[EventDate "2018.07.21"]
[WhiteFideId "1400789"]
[BlackFideId "1414623"]

1.e4 e6 2.d4 d5 3.e5 c5 4.c3 Nc6 5.Nf3 Qb6 6.Bd3 cxd4 7.cxd4 Bd7 8.Bc2 Nb4
9.Bb3 Qa6 10.Bc2 Rc8 11.Nc3 Nxc2+ 12.Qxc2 Bb4 13.Bd2 Ne7 14.a3 f6 15.Qd1 
Bxc3 16.Bxc3 Ng6 17.Bb4 Nf4 18.Bd6 Nd3+ 19.Kd2 Nxf2 20.Qf1 Ne4+ 21.Ke3 Bb5
22.Qe1 Nxd6 23.exd6 Qxd6 24.Qa5 Qa6 25.Qb4 Rc4 26.Qd2 O-O 27.Rhe1 Rfc8 28.
Kf4 e5+ 29.Kg3 e4 30.Nh4 Qd6+ 31.Qf4 Qxf4+ 32.Kxf4 g5+ 0-1

[Event "Xtracon Chess Open 2018"]
[Site "Elsinore"]
[Date "2018.07.22"]
[Round "2"]
[White "Stage-Steffensen, Sander"]
[Black "Horslund, Mikael"]
[Result "1-0"]
[WhiteElo "1928"]
[BlackElo "1714"]
[EventDate "2018.07.21"]
[WhiteFideId "1455796"]
[BlackFideId "1421042"]

1.e4 d6 2.d4 Nf6 3.Nc3 c6 4.f4 Qa5 5.Bd3 Bg4 6.Ne2 e6 7.Bd2 Qb6 8.Na4 Qc7 
9.O-O d5 10.e5 Nfd7 11.Rc1 b5 12.Nac3 g6 13.h3 Bxe2 14.Qxe2 h5 15.Rce1 Nb6
16.b3 N8d7 17.Nb1 Be7 18.Rc1 Qb7 19.Kh2 O-O 20.g4 hxg4 21.Qxg4 1-0

[Event "Xtracon Chess Open 2018"]
[Site "Elsinore"]
[Date "2018.07.22"]
[Round "2"]
[White "Weber, Andreas"]
[Black "Green, Per"]
[Result "0-1"]
[WhiteElo "1693"]
[BlackElo "1927"]
[EventDate "2018.07.21"]
[WhiteFideId "24652504"]
[BlackFideId "1703811"]

1.Nf3 c5 2.g3 Nf6 3.Bg2 e6 4.O-O d5 5.d3 Nc6 6.Nbd2 Be7 7.e4 b5 8.Re1 Bb7 
9.e5 Nd7 10.Nf1 Qc7 11.Qe2 h6 12.h4 g5 13.hxg5 hxg5 14.g4 Nd4 15.Nxd4 cxd4
16.c3 dxc3 17.bxc3 d4 18.cxd4 Bxg2 19.Kxg2 Rc8 20.Bd2 Nb6 21.Rec1 Qb7+ 22.
f3 Rxc1 23.Rxc1 Nd5 24.Ng3 Rh4 25.Qe4 Qa6 26.Nh5 Qxa2 27.Qe1 Bb4 28.Rd1 
Qc2 29.Nf6+ Nxf6 30.exf6 Bd6 31.d5 Kd7 32.dxe6+ fxe6 33.f4 Bxf4 34.Kf3 
Rh3+ 35.Kg2 Rh2+ 0-1

[Event "Xtracon Chess Open 2018"]
[Site "Elsinore"]
[Date "2018.07.22"]
[Round "2"]
[White "Strachan, Christian C."]
[Black "Henriksen, Morgan"]
[Result "1-0"]
[WhiteElo "1927"]
[BlackElo "1706"]
[EventDate "2018.07.21"]
[WhiteFideId "1417215"]
[BlackFideId "1510495"]

1.e4 c5 2.Nc3 Nc6 3.g3 d6 4.Bg2 Nf6 5.d3 g6 6.Nge2 Bg7 7.O-O O-O 8.h3 Rb8 
9.Be3 a6 10.Qd2 Bd7 11.f4 Qc7 12.Nd1 b6 13.c3 Rbd8 14.Rc1 a5 15.d4 Bc8 16.
d5 Nb8 17.Nf2 Ba6 18.Rfd1 Nbd7 19.c4 Qb8 20.a4 Rfe8 21.b3 Kh8 22.Nc3 Ng8 
23.g4 Nf8 24.Rf1 e6 25.Rce1 Ne7 26.Nd3 f5 27.e5 exd5 28.Nxd5 Nxd5 29.Bxd5 
fxg4 30.hxg4 Bb7 31.f5 Bxd5 32.f6 Ba8 33.fxg7+ Kxg7 34.Bh6+ Kg8 35.Qf4 Re7
36.exd6 Ra7 37.Re7 Rxe7 38.dxe7 Qxf4 39.Rxf4 1-0

[Event "Xtracon Chess Open 2018"]
[Site "Elsinore"]
[Date "2018.07.22"]
[Round "2"]
[White "Glibstrup, Jakob"]
[Black "Halberg, Jesper"]
[Result "1-0"]
[WhiteElo "1920"]
[BlackElo "1702"]
[EventDate "2018.07.21"]
[WhiteFideId "1416146"]
[BlackFideId "1451278"]

1.e4 c5 2.Nf3 d6 3.d4 cxd4 4.Nxd4 Nf6 5.Nc3 a6 6.f3 e5 7.Nb3 Be7 8.Be3 Be6
9.Qd2 Nbd7 10.g4 b5 11.O-O-O b4 12.Na4 O-O 13.h4 Qc7 14.Qxb4 Rfc8 15.Nc3 
a5 16.Qa4 d5 17.g5 d4 18.Nxd4 exd4 19.gxf6 Nc5 20.Qxd4 Bxf6 21.Qxc5 Qxc5 
22.Bxc5 Rxc5 23.Nd5 Bxd5 24.Rxd5 Rxd5 25.exd5 Rb8 26.c3 h5 27.a4 Re8 28.
Kd2 Be5 29.Kd3 Rb8 30.Kc2 Kf8 31.Bb5 Ke7 32.Re1 Kd6 33.Bc6 Bg3 34.Re4 Be5 
35.b4 axb4 36.cxb4 f5 37.Rc4 f4 38.Kd3 g5 39.hxg5 h4 40.Rc1 Rxb4 41.Rh1 
Rb3+ 42.Ke4 Re3+ 43.Kf5 Rxf3 44.Rxh4 Re3 45.Rh6+ Kc5 46.Re6 Bd6 47.Rxe3 
fxe3 48.Bb5 Kxd5 49.a5 Bc5 50.Kf6 Bd4+ 51.Kf7 Kc5 52.Be2 1-0

[Event "Xtracon Chess Open 2018"]
[Site "Elsinore"]
[Date "2018.07.22"]
[Round "2"]
[White "Larsen, Mette Dalsgaard"]
[Black "Jacobsen, Heidrikur T."]
[Result "0-1"]
[WhiteElo "1682"]
[BlackElo "1918"]
[EventDate "2018.07.21"]
[WhiteFideId "1430718"]
[BlackFideId "7200340"]

1.d4 Nf6 2.c4 g6 3.Nf3 Bg7 4.e3 O-O 5.Be2 d6 6.Nbd2 Nbd7 7.O-O e5 8.dxe5 
dxe5 9.Qc2 Qe7 10.e4 Nh5 11.Re1 Nf4 12.Bf1 a5 13.Nb1 Ne6 14.Nc3 c6 15.Be3 
f5 16.Rad1 f4 17.Bc1 g5 18.g3 fxg3 19.Bg2 gxf2+ 20.Qxf2 Nf4 21.Qg3 h6 22.
b3 Rf7 23.h4 Nh5 24.Qh2 g4 25.Nd2 g3 26.Qh1 Qc5+ 0-1